| 000 | 01468cam a2200361 a 4500 | ||
|---|---|---|---|
| 001 | 13003918 | ||
| 005 | 20160920114731.0 | ||
| 008 | 021115s2003 nyuab b 001 0 eng | ||
| 010 | _a 2002728305 | ||
| 020 | _a981-4126-98-5 | ||
| 040 |
_aDLC _cDLC _dDLC |
||
| 050 | 0 | 0 |
_aGE105 _b.B68 2003 |
| 082 | 0 | 0 |
_aDC 363.7 _22003 _bB65e |
| 100 | 1 | _aBotkin, Daniel B. | |
| 245 | 1 | 0 |
_aEnvironmental science : _bearth as a living planet / _cDaniel B. Botkin and Edward A. Keller |
| 250 | _a4th Edition | ||
| 260 |
_aNew York : _bWiley, _cc2003. |
||
| 300 |
_axxviii, 1 v. (various pagings) : _billustrations ; _c29 cm. |
||
| 504 | _aIncludes bibliographical references and indexes. | ||
| 650 | 0 | _aEnvironmental sciences. | |
| 650 | 0 |
_aEnvironmental sciences _vCase studies. |
|
| 650 | 0 | _aHuman ecology. | |
| 650 | 0 | _aBiodiversity. | |
| 650 | 0 | _aSustainable development. | |
| 700 | 1 |
_aKeller, Edward A., _d1942- |
|
| 856 | 4 | 2 |
_3Publisher description _uhttp://www.loc.gov/catdir/description/wiley035/2002728305.html |
| 856 | 4 | 1 |
_3Table of contents only _uhttp://www.loc.gov/catdir/toc/wiley031/2002728305.html |
| 856 | 4 | 2 |
_3Contributor biographical information _uhttp://www.loc.gov/catdir/enhancements/fy0614/2002728305-b.html |
| 365 |
_b398.00 _cPhp |
||
| 906 |
_a7 _bcbc _corigcop _d3 _encip _f20 _gy-gencatlg |
||
| 942 |
_2ddc _cDC |
||
| 999 |
_c4720 _d4720 |
||